Osobná identita v dizajne výrobkov

Gespeichert in:
Bibliographische Detailangaben
1. Verfasser: Komárňanská, Viktória (Verfasst von)
Weitere Verfasser: Lipková, Michala (Betreuung Doktorarbeit)
Format: Manuskript Buch
Sprache:Slowakisch
Veröffentlicht: Bratislava 2020
Schlagworte:
Online-Zugang:http://is.stuba.sk/zp/portal_zp.pl?podrobnosti=146776
Tags: Tag hinzufügen
Keine Tags, Fügen Sie das erste Tag hinzu!

MARC

LEADER 00000ntm a22000003a 4500
001 stuzp80113
003 SK-STU
005 20200818070615.6
007 ta
008 150427s2015----xo-----f-mn---000-0-slo-d
040 |a STU  |b slo 
041 0 |a slo 
100 1 |a Komárňanská, Viktória  |u 059190  |4 aut  |U FAD Fakulta architektúry  |T FA Ústav dizajnu  |X 65445  |U A9190  |Y 400  |7 65445 
242 0 1 |a Personal Identity in Product Design  |y eng 
245 1 0 |a Osobná identita v dizajne výrobkov 
260 |c 2020  |a Bratislava 
650 4 |a identita  |2 slo 
650 4 |a ženstvo  |2 slo 
650 4 |a žena  |2 slo 
650 4 |a tradície  |2 slo 
650 4 |a zvyky  |2 slo 
650 4 |a rodina  |2 slo 
650 4 |a priateľstvo  |2 slo 
650 4 |a kontakt  |2 slo 
650 4 |a hodnota  |2 slo 
650 4 |a manners  |2 eng 
650 4 |a family  |2 eng 
650 4 |a friendship  |2 eng 
650 4 |a contact  |2 eng 
650 4 |a identity  |2 eng 
650 4 |a womanhood  |2 eng 
650 4 |a woman  |2 eng 
650 4 |a traditions  |2 eng 
650 4 |a value  |2 eng 
700 1 |a Lipková, Michala  |u 059190  |k Z1  |4 ths  |U FAD Fakulta architektúry  |T FA Ústav dizajnu  |X 15371  |U A9190  |Y 400  |7 A000015371 
856 4 |u http://is.stuba.sk/zp/portal_zp.pl?podrobnosti=146776  |u https://opac.crzp.sk/?fn=detailBiblioForm&sid=2DE4D0DBB221E90D1788F3BEC259